Estudio de un nuevo método de investigación precoz del bacilo de Eberth y nuestra modificación al procedimiento de Botelho (Record no. 133419)

MARC details
000 -LEADER
campo de control de longitud fija 00793nam a2200181 4500
001 - NÚMERO DE CONTROL
campo de control 133419
003 - IDENTIFICADOR DE NÚMERO DE CONTROL
campo de control ES-MaACL
005 - FECHA Y HORA DE LA ÚLTIMA TRANSACCIÓN
campo de control 20230906194412.0
007 - CAMPO FIJO DE DESCRIPCIÓN FÍSICA--INFORMACIÓN GENERAL
campo de control de longitud fija t|
008 - DATOS DE LONGITUD FIJA--INFORMACIÓN GENERAL
campo de control de longitud fija 070214s1914 sp r ||||1| spa d
100 1# - ENTRADA PRINCIPAL--NOMBRE DE PERSONA
Nombre de persona Ruigómez y Velasco, Luis.
9 (RLIN) 100577
245 10 - MENCIÓN DEL TÍTULO
Título Estudio de un nuevo método de investigación precoz del bacilo de Eberth y nuestra modificación al procedimiento de Botelho
Resto del título : tesis presentada para aspirar al grado de Doctor /
Mención de responsabilidad, etc. Luis Ruigómez y Velasco.
260 ## - PUBLICACIÓN, DISTRIBUCIÓN, ETC.
Lugar de publicación, distribución, etc. Madrid :
Nombre del editor, distribuidor, etc. Isaac Martínez,
Fecha de publicación, distribución, etc. 1914.
300 ## - DESCRIPCIÓN FÍSICA
Extensión 81 p. ;
Dimensiones 23 cm.
500 ## - NOTA GENERAL
Nota general Tesis doctoral presentada en la Universidad Central, Facultad de Farmacia, leída el 29 de octubre de 1913.
710 2# - ENTRADA AGREGADA--NOMBRE DE ENTIDAD CORPORATIVA
Nombre de entidad corporativa o nombre de jurisdicción como elemento de entrada Universidad Central (Madrid).
Unidad subordinada Facultad de Farmacia.
9 (RLIN) 7091
852 ## - LOCALIZACIÓN
Ubicación ES-MaACL
Número de control de estantería T-1366-F-11
Holdings
Estatus retirado Estado de pérdida Estado de daño No para préstamo Colección Biblioteca de origen Biblioteca actual Ubicación en estantería Fecha de adquisición Fuente de adquisición Total de préstamos Signatura topográfica completa Código de barras Visto por última vez Precio de reemplazo Tipo de ítem Koha
        Colección de folletos Biblioteca del Ateneo de Madrid Biblioteca del Ateneo de Madrid Depósito folletos 17/01/2008     T-1366-F-11 1138894 23/02/2023 23/02/2023 Folleto